Policy dimensions of globalisation

Gespeichert in:
Bibliographische Detailangaben
1. Verfasser: Karunaratne, Neil Dias
Weitere Verfasser: Tisdell, Clem
Format: Buch
Sprache:Englisch
Veröffentlicht: Brisbane The University of Queensland 1998
Schriftenreihe:Discussion Papers No. 240
Schlagworte:
Tags: Tag hinzufügen
Keine Tags, Fügen Sie das erste Tag hinzu!

MARC

LEADER 00000nam a2200000 4500
001 c109305
005 20221221083208.0
022 |a 1033-4661 
041 0 |a eng 
044 |a AU 
245 1 0 |a Policy dimensions of globalisation  |c Neil Dias Karunaratne and Clem Tisdell 
264 1 |a Brisbane  |b The University of Queensland  |c 1998 
300 |a 20 s. 
490 1 |a Discussion Papers  |v No. 240 
830 0 |a Discussion Papers  |v No. 240 
610 2 0 |a globalizácia 
610 2 0 |a obchod 
610 2 0 |a technológie informačné 
610 2 0 |a pohyb kapitálu 
610 2 0 |a spoločnosti nadnárodné 
610 2 0 |a politika hospodárska medzinárodná 
610 2 0 |a makroekonomika 
100 1 |a Karunaratne, Neil Dias 
700 1 |a Tisdell, Clem